000 00635nam a2200241Ia 4500
003 OSt
005 20220918191106.0
006 a|||||r|||| 00| 0
007 ta
008 220917b |||||||| |||| 00| 0 eng d
024 _a61,424
037 _cTextual
040 _aARTS
_cARTS
_beng
041 _2eng
_aeng
082 _aQ6:21, K6
100 _aLeaner A R C
_974894
245 0 _aRule of Qumran and its meaning
_b introduction, translation and commentary
260 _c1966
490 _aNew testament library
650 _aRELIGION
942 _hQ6:21, K6
_cTEXL
_2CC
999 _c188276
_d188276